000 00300nam a22001337a 4500
008 260423b ||||| |||| 00| 0 eng d
020 _a9789951434096
041 _aeng
080 _a37.014
100 _a20
101 _aModele per mesimdhenie
245 _aMesazhe nga Klasa II
942 _2udc
_cBK
999 _c60987
_d60987